[Event "GER-chT U10"]
[Site "Magdeburg"]
[Date "2013.12.28"]
[Round "5.4"]
[White "Brunzendorf, Tanja"]
[Black "Darowski, Janek Wilhelm"]
[Result "0-1"]
[WhiteElo "600"]
[BlackElo "971"]
[PlyCount "130"]
[EventDate "2013.12.27"]
[EventType "team-swiss"]
[EventRounds "5"]
[EventCountry "GER"]
[SourceTitle "EXT 2015"]
[Source "ChessBase"]
[SourceDate "2014.11.20"]
[SourceVersion "1"]
[SourceVersionDate "2014.11.20"]
[SourceQuality "1"]
[WhiteTeam "Braunschweig"]
[BlackTeam "Ruedersdorf"]
[WhiteTeamCountry "GER"]
[BlackTeamCountry "GER"]

1. e4 d5 2. exd5 Qxd5 3. Nc3 Qa5 4. Bb5+ c6 5. Bc4 Nf6 6. Nf3 Bf5 7. d3 Nbd7 8. 0-0 e6 9. Bd2 Qd8 10. Bg5 Bc5 11. Ne4 h6 12. Nxf6+ Nxf6 13. Bxf6 Qxf6 14. Rb1 0-0 15. a3 Rad8 16. b4 Bd4 17. Nxd4 Qxd4 18. Rc1 Qf4 19. Re1 Qg5 20. h3 Bxh3 21. Kf1 Bxg2+ 22. Ke2 Qf4 23. Rf1 Bf3+ 24. Ke1 Bxd1 25. Rxd1 b5 26. Bb3 Rd4 27. Rd2 Qe5+ 28. Kd1 Rf4 29. Re1 Qa1+ 30. Ke2 Qc3 31. Kd1 Qa1+ 32. Ke2 Qc3 33. Kd1 Re8 34. Ke2 Rxf2+ 35. Kxf2 Qxd2+ 36. Re2 Qf4+ 37. Ke1 e5 38. Rf2 Qc1+ 39. Ke2 e4 40. Bxf7+ Kf8 41. Bxe8+ Kxe8 42. dxe4 Qxc2+ 43. Ke3 Qc3+ 44. Kf4 Ke7 45. Re2 Ke6 46. Re3 Qe5+ 47. Kf3 Qg5 48. e5 Qf5+ 49. Ke2 g5 50. Rd3 Qxe5+ 51. Re3 h5 52. Rxe5+ Kxe5 53. Kf3 g4+ 54. Kg3 Kf5 55. Kh4 Kg6 56. Kg3 Kg5 57. Kg2 h4 58. Kh2 h3 59. Kg3 Kh5 60. Kh2 Kh4 61. Kh1 g3 62. Kg1 g2 63. Kh2 Kg4 64. Kg1 Kg3 65. a4 h2# 0-1